000 00841nam a2200217 a 4500
001 000041746
005 20201002035730.0
008 131016s2003 sp ab 000 0 spa d
020 _a840008201X
040 _aDO-SdBNP
_bspa
_cBNPHU
082 _axxx
_bxxx
245 0 0 _aMétodos para la planificación de espacios naturales protegidos. /
_ceditores, Javier Martínez Vega, María Asunción Martín Lou.
260 _aMadrid, :
_bConsejo Superior de Investigaciones Científicas,
_c2003.
490 1 _aEstudios ambientales y socioeconómicos
_v2
500 _aIncluye índice de tablas
500 _aIncluye índice de figuras
504 _aBibliografías p: 199-218
700 1 _aMartínez Vega, Javier
_eed.
_914954
700 1 _aAsunción Martín Lou, María
_eed.
_968595
830 0 _aEstudios ambientales y socioeconómicos
_v2
_967697
999 _c41235
_d41235